01255nab a22002897a 4500999001500000003000400015005001700019008004100036040000700077100003100084245011400115260007200229300001500301500003800316505005400354505012000408505008900528650002600617650003400643650002900677650001800706650002700724650002900751700003300780773013900813942001300952 c5939d5939OSt20260114012628.0190605e xxu||||| |||| 00| 0 spa d cPJ 96789aAlmejún, Fernando 10aMedida cautelar que ordena reincorporar a un dirigente sindical /cFernando Almejún, Verónica Quinteros.  aCiudad Autónoma de Buenos Aires :bThomson Reuters La Ley,c2024. ap. 112-115 aCita: TR LALEY AR/DOC/264/2024.  aSumario: I. Hechos.— II. Comentarios al fallo.  aFallo comentado: SC Buenos Aires ~ 07/09/2023 ~ Seillant Idelmar Raul c. IOMA s/ amparo sindical recurso de queja. t¿Te interesa el texto completo? Solicitalo al correo: koha@justierradelfuego.gov.ar 091316aDERECHO LABORAL 091367aASOCIACIONES SINDICALES 095906aREINCORPORACIÓN  091533aDESPIDO 091223aACCION DE AMPARO 091051aMEDIDAS CAUTELARES 96790aQuinteros, Verónica 0 0271193168dCiudad Autónoma de Buenos Aires : Thomson Reuters La Ley, 1999-2002.tRevista de derecho del trabajo. Nº 2 - Marzo 2024 2udccANA